00822nam a2200229 i 450000500170000000800410001702000150005804000350007304100080010808200190011610000370013524501420017225000230031426400280033730000400036533600270040533700330043233800280046560000380049365000280053170000330055920220317000515.0160601s2003 ag a gs 000 0 spa d a8481561819 aCO-BoRNBPbspacCO-BoRNBPerda0 aspa04a759.9492bD28b1 aDevitini Dufour, Alessia,eautor13aEl Boscoblocura, vicios y virtudesba la deriva entre la realidad y la fantasíacAlessia Devitini Dufour ; traducción Emilio Alvarez aPrimera edición  1aBarcelonabElectac2003 a143 páginasbilustracionesc21 cm atextobtxt2rdacontent asin mediaciónbn2rdamedia avolumenbnc2rdacarrier14aBosco, Jeronimo Alken,d1450-1516142LEMBaPintura holandesa1 aAlvarez, Emilio,etraductor